Law for Business
Guardado en:
| Autor principal: | |
|---|---|
| Otros Autores: | , |
| Formato: | Libro |
| Lenguaje: | inglés |
| Publicado: |
Burr Ridge
IRWIN
1994
|
| Edición: | 5. ed. |
| Colección: | Irwin Legal Studies in Business
|
| Materias: | |
| Etiquetas: |
Sin Etiquetas, Sea el primero en etiquetar este registro!
|
MARC
| LEADER | 00000nam a2200000 4500 | ||
|---|---|---|---|
| 001 | c014275 | ||
| 005 | 20221205140726.5 | ||
| 020 | |a 0-256-11594-X | ||
| 041 | 0 | |a eng | |
| 044 | |a US | ||
| 245 | 1 | 0 | |a Law for Business |c A.James Barnes, Terry Morehead Dworkin, Eric L. Richards |
| 250 | |a 5. ed. | ||
| 264 | 1 | |a Burr Ridge |b IRWIN |c 1994 | |
| 300 | |a 899 s. | ||
| 490 | 1 | |a Irwin Legal Studies in Business | |
| 830 | 0 | |a Irwin Legal Studies in Business | |
| 610 | 2 | 0 | |a právo obchodné |
| 610 | 2 | 0 | |a zákony |
| 610 | 2 | 0 | |a firmy |
| 610 | 2 | 0 | |a podnikanie |
| 610 | 2 | 0 | |a spoločnosti obchodné |
| 610 | 2 | 0 | |a USA |
| 100 | 1 | |a Barnes, A. James | |
| 700 | 1 | |a Dworkin, Terry Morehead | |
| 700 | 1 | |a Richards, Eric L. | |